| 000 | 00760cam a2200301 a 4500 | ||
|---|---|---|---|
| 999 |
_c10545 _d10545 |
||
| 001 | 10545 | ||
| 003 | BD-JhCC | ||
| 005 | 20180621132105.0 | ||
| 008 | 730801s1946 caua 000 0 eng | ||
| 035 | _aBD-JhCC | ||
| 035 | _aocm00669346 | ||
| 035 | _a(BD-JhCC)10545 | ||
| 035 | _a178385 | ||
| 040 |
_aBD-JhCC _dBD-JhCC |
||
| 041 | _aeng | ||
| 050 | 0 | 0 |
_aQD253 _b.G4 1962 |
| 082 | 0 |
_a540 _bHIL 1947 |
|
| 096 | _aQD 253 G313p 1962 | ||
| 100 | _aHildebrand, Joel H. | ||
| 245 | 1 | 0 |
_aPrinciples of chemistry / _cJoel H. Hildebrand |
| 250 | _a2d ed. | ||
| 260 |
_aSan Francisco, _bW.H. Freeman _c1947 |
||
| 300 |
_a446 p. : _billus. _c25 cm. |
||
| 490 | 0 | _aA Series of chemistry books | |
| 650 | 0 | _aChemistry | |
| 942 |
_2ddc _cBK |
||